000
00255nam a22000857a 4500
008
160712b xxu||||| |||| 00| 0 eng d
100
_9
2663
_a
Iyengar, G
245
_a
You Asked for it!: Stories of Apoorva Bhatta
260
_a
New Delhi
_b
Children book Trust
_c
2004
999
_c
2316
_d
2316